| 000 | 00552nam a2200205Ia 4500 | ||
|---|---|---|---|
| 003 | OSt | ||
| 005 | 20230529111329.0 | ||
| 008 | 210423s2002 xx 000 0 und d | ||
| 040 | _cAL | ||
| 041 | _aeng | ||
| 082 |
_a307.72 MITR _223 |
||
| 100 |
_aMITTAL (A C);SHARMA (Sanjay Prakash) _9115728 |
||
| 245 | _aRural poverty and development | ||
| 260 |
_aJaipur _bR B S A Publisher _c2002 |
||
| 365 |
_b500 _cINR |
||
| 650 |
_aRural Communities _9115729 |
||
| 650 |
_aSociology _9115730 |
||
| 906 | _adevelopment ; poverty ; Rural | ||
| 942 |
_2ddc _cBK |
||
| 999 |
_c173534 _d173534 |
||